Estatísticas para Países mais próximos de Tajiquistão

Clique aqui para jogar o quiz

Estatísticas Gerais

  • Esse quiz foi jogado 32 vezes
  • A pontuação média é 18 de 20

Estatísticas das Respostas

kmpaís% Correto
0China
100%
59Cazaquistão
96%
277Índia
96%
16Paquistão
96%
1273Rússia
96%
0Uzbequistão
96%
1453Azerbaijão
93%
593Irão
93%
1529Mongólia
93%
0Quirguistão
93%
110Turquemenistão
93%
0Afeganistão
89%
1707Butão
89%
1761Geórgia
89%
1933Iraque
89%
965Nepal
89%
1784Armênia
86%
1737Bangladesh
86%
1649Emirados
Árabes Unidos
43%
1601Omã
43%

Distribuição das Pontuações

Percentil de Números Respondidos

Porcentagem de Pessoas com Cada Pontuação

Sua Pontuação Histórica

Você não jogou esse quiz